Manual de tratamiento de los trastornos de personalidad límite

Guardado en:
Detalles Bibliográficos
Autor principal: Linehan, Marsha M. (autora)
Formato: Libro
Lenguaje:español
Publicado: Barcelona Paidós Ibérica 2003
Colección:Psicología, Psiquiatría, Psicoterapia, 214
Materias:
Etiquetas: Agregar Etiqueta
Sin Etiquetas, Sea el primero en etiquetar este registro!

MARC

LEADER 00000nam a2200000 a 4500
001 UCL9526
003 CL-VaPUC
008 040813e20030000SP |||||||||||||||||spa|d
020 |a 8449314186 
082 0 4 |a 616.89142  |b LIN  |2 21 
100 |a Linehan, Marsha M.  |e autora  |9 487397 
245 1 0 |a Manual de tratamiento de los trastornos de personalidad límite 
300 |a 308 p 
942 |c BK 
945 |d 20040813 00:00:00  |a cmena 
260 |a Barcelona  |b Paidós Ibérica  |c 2003 
650 0 |a Trastornos de la personalidad   |9 307698 
650 0 |a Psicoanálisis   |9 265702 
650 0 |a Salud mental  |9 308393 
650 7 |a PSICOTERAPIA  |2 CL-VaPUC  |9 487398 
650 0 |a Integración social  |9 319662 
583 |a last modification  |c 20040813 00:00:00  |k Rodrigo Vera 
490 0 |a Psicología, Psiquiatría, Psicoterapia, 214 
999 |c 310291  |d 310289 
952 |0 0  |1 0  |4 0  |6 616_891420000000000_LIN_2003  |7 0  |8 A  |9 378584  |a BIBEDU  |b BIBEDU  |c ES_NOD  |d 2019-11-21  |i 4048377  |l 1  |o 616.89142 LIN 2003  |p 4048377  |r 2023-08-09  |s 2023-06-08  |w 2019-11-21  |y BK  |k PSI 
952 |0 0  |1 0  |4 0  |6 616_891420000000000_LIN_2003  |7 0  |8 A  |9 378585  |a BIBEDU  |b BIBEDU  |c ES_NOD  |d 2019-11-21  |i 4366212  |l 1  |o 616.89142 LIN 2003  |p 4366212  |r 2023-08-09  |s 2022-09-06  |w 2019-11-21  |y BK  |k PSI